Quiz o województwie podkarpackim - Statystyki

Ogólne statystyki
  • Ten quiz został rozwiązany 6 459 razy
    6 444 od ostatniego zresetowania
  • Średni wynik to 12 z 21
Statystyki odpowiedzi
Podpowiedź Odpowiedź % Poprawnych
Stolica województwa Rzeszów
99%
Miasta na prawach powiatu Rzeszów
99%
Graniczące państwa Ukraina
83%
Graniczące państwa Słowacja
82%
Miasta na prawach powiatu Przemyśl
78%
Najstarsze miasto Przemyśl
78%
Najdłuższa rzeka San
76%
Pasmo górskie Bieszczady / Beskid Niski / Góry Sanocko-Turczańskie
71%
Najmniej zaludniony powiat bieszczadzki
69%
Miasta na prawach powiatu Krosno
69%
Drugie największe miasto Mielec
56%
Największa powierzchnia miasta po stolicy wojewódzkiej Tarnobrzeg
53%
Miasta na prawach powiatu Tarnobrzeg
53%
Największe jezioro Jezioro Solińskie
50%
Największe zwierzę na tych terenach Żubr europejski
47%
Park narodowy Bieszczadzki Park Narodowy / Magurski Park Narodowy
39%
Miejscowości uzdrowiskowe (jedna z 4) Horyniec-Zdrój / Iwonicz-Zdrój / Polańczyk / Rymanów-Zdrój
37%
Najpopularniejszy zamek Zamek w Łańcucie / Zamek Lubomirskich w Rzeszowie
14%
Wojewoda Teresa Kubas-Hul
11%
Stolica wikliny Rudnik nad Sanem
10%
Najmniejsze miasto Dubiecko
8%
Nie znaleziono quizów pasujących do podanych kryteriów
Rozkład punktacji
Procent ludzi z każdym wynikiem
Percentyl według liczby udzielonych odpowiedzi
Twoja historia wyników
Nie rozwiązałeś tego quizu od ostatniego zresetowania